<?xml version="1.0" encoding="UTF-8"?><?xml-stylesheet type="text/xsl" href="static/style.xsl"?><OAI-PMH xmlns="http://www.openarchives.org/OAI/2.0/" xmlns:xsi="http://www.w3.org/2001/XMLSchema-instance" xsi:schemaLocation="http://www.openarchives.org/OAI/2.0/ http://www.openarchives.org/OAI/2.0/OAI-PMH.xsd"><responseDate>2026-04-27T12:59:43Z</responseDate><request verb="GetRecord" identifier="oai:uvadoc.uva.es:10324/29530" metadataPrefix="marc">https://uvadoc.uva.es/oai/request</request><GetRecord><record><header><identifier>oai:uvadoc.uva.es:10324/29530</identifier><datestamp>2021-06-29T21:30:07Z</datestamp><setSpec>com_10324_38</setSpec><setSpec>col_10324_852</setSpec></header><metadata><record xmlns="http://www.loc.gov/MARC21/slim" xmlns:doc="http://www.lyncode.com/xoai" xmlns:xsi="http://www.w3.org/2001/XMLSchema-instance" xmlns:dcterms="http://purl.org/dc/terms/" xsi:schemaLocation="http://www.loc.gov/MARC21/slim http://www.loc.gov/standards/marcxml/schema/MARC21slim.xsd">
<leader>00925njm 22002777a 4500</leader>
<datafield tag="042" ind1=" " ind2=" ">
<subfield code="a">dc</subfield>
</datafield>
<datafield tag="720" ind1=" " ind2=" ">
<subfield code="a">Gracia del Barrio, Juana</subfield>
<subfield code="e">author</subfield>
</datafield>
<datafield tag="260" ind1=" " ind2=" ">
<subfield code="c">2017</subfield>
</datafield>
<datafield tag="520" ind1=" " ind2=" ">
<subfield code="a">Este trabajo trata una reflexión de la didáctica de la Lengua tanto en años anteriores como en la actualidad considerando que hay que ir más allá, hay que dejar atrás esos métodos de enseñanza tradicionales, desfasados y hacer que los alumnos reflexionen sobre los contenidos convirtiéndolos en objeto de estudio y descripción, a través de la experimentación directa del propio concepto.&#xd;
Para ello hemos realizado un detallado análisis de los libros de texto tanto de años anteriores como actuales, criticado los conceptos que no hemos considerado convenientes con sus correspondientes planteamientos de mejora y creado una propuesta didáctica para su mejor aprendizaje y estudio.</subfield>
</datafield>
<datafield tag="024" ind2=" " ind1="8">
<subfield code="a">http://uvadoc.uva.es/handle/10324/29530</subfield>
</datafield>
<datafield tag="245" ind1="0" ind2="0">
<subfield code="a">Análisis, crítica y propuesta didáctica de las categorías gramaticales (Segunda etapa de primaria)</subfield>
</datafield>
</record></metadata></record></GetRecord></OAI-PMH>